The Companies act, 1913 (VII of 1913) : (Record no. 55845)

MARC details
000 -LEADER
fixed length control field 00821cam a22002651 4500
001 - CONTROL NUMBER
control field sa 63004775
003 - CONTROL NUMBER IDENTIFIER
control field DLC
005 - DATE AND TIME OF LATEST TRANSACTION
control field 20260227111951.0
008 - FIXED-LENGTH DATA ELEMENTS--GENERAL INFORMATION
fixed length control field 910124s1962 pk 000 0 eng
010 ## - LIBRARY OF CONGRESS CONTROL NUMBER
LC control number sa 63004775
035 ## - SYSTEM CONTROL NUMBER
System control number (OCoLC)24198400
040 ## - CATALOGING SOURCE
Original cataloging agency DLC
Transcribing agency ViU
Modifying agency DLC
042 ## - AUTHENTICATION CODE
Authentication code premarc
050 00 - LIBRARY OF CONGRESS CALL NUMBER
Classification number KPL956.A311913
Item number A4 1962
110 1# - MAIN ENTRY--CORPORATE NAME
Corporate name or jurisdiction name as entry element Pakistan.
240 10 - UNIFORM TITLE
Uniform title Laws, etc.
245 14 - TITLE STATEMENT
Title The Companies act, 1913 (VII of 1913) :
Remainder of title as modified up to the 31st May 1961.
260 ## - PUBLICATION, DISTRIBUTION, ETC.
Place of publication, distribution, etc. Karachi, Manager of Publications, Govt. of Pakistan,
Date of publication, distribution, etc. 1962.
300 ## - PHYSICAL DESCRIPTION
Extent 237 p. :
Other physical details ill. ;
Dimensions 25 cm.
500 ## - GENERAL NOTE
General note Cover title.
500 ## - GENERAL NOTE
General note At head of title: Govt. of Pakistan, Ministry of Law.
500 ## - GENERAL NOTE
General note Errata slip inserted.
650 #0 - SUBJECT ADDED ENTRY--TOPICAL TERM
Topical term or geographic name entry element Corporation law
Geographic subdivision Pakistan.
710 1# - ADDED ENTRY--CORPORATE NAME
Corporate name or jurisdiction name as entry element Pakistan.
Subordinate unit Ministry of Law.

No items available.

Powered by Koha